Mary had a little lamp / (Record no. 466)

MARC details
000 -LEADER
fixed length control field 01203cam a2200313 a 4500
005 - DATE AND TIME OF LATEST TRANSACTION
control field 20240626101147.0
020 ## - INTERNATIONAL STANDARD BOOK NUMBER
International Standard Book Number 9781599901695 (alk. paper)
020 ## - INTERNATIONAL STANDARD BOOK NUMBER
International Standard Book Number 1599901692 (alk. paper)
020 ## - INTERNATIONAL STANDARD BOOK NUMBER
International Standard Book Number 9781599901923 (reinforced bdg.)
020 ## - INTERNATIONAL STANDARD BOOK NUMBER
International Standard Book Number 1599901927 (reinforced bdg.)
040 ## - CATALOGING SOURCE
Original cataloging agency DLC
Transcribing agency DLC
Modifying agency DLC
050 00 - LIBRARY OF CONGRESS CALL NUMBER
Classification number PZ8.3.L487
Item number Mar 2008
082 00 - DEWEY DECIMAL CLASSIFICATION NUMBER
Classification number 813.6
Edition number 22
100 1# - MAIN ENTRY--PERSONAL NAME
Personal name Lechner, Jack.
245 10 - TITLE STATEMENT
Title Mary had a little lamp /
Statement of responsibility, etc. by Jack Lechner ; illustrated by Bob Staake.
260 ## - PUBLICATION, DISTRIBUTION, ETC.
Place of publication, distribution, etc. New York :
Name of publisher, distributor, etc. Bloomsbury Children's Books :
Date of publication, distribution, etc. 2008.
300 ## - PHYSICAL DESCRIPTION
Extent 29 unnumbered pages :
Other physical details color illustrations ;
Dimensions 26 cm
505 ## - FORMATTED CONTENTS NOTE
Formatted contents note K<br/>
520 ## - SUMMARY, ETC.
Summary, etc. Mary takes her "bendy," gooseneck lamp wherever she goes, much to the dismay of her parents and classmates, but after leaving it at home during summer camp, Mary finds that she has outgrown her need for her odd companion.
521 ## - TARGET AUDIENCE NOTE
Target audience note 510 <br/><br/>
Source Lexile AD <br/><br/>
521 ## - TARGET AUDIENCE NOTE
Target audience note K <br/><br/><br/>
Source Raz-Plus<br/>
650 #1 - SUBJECT ADDED ENTRY--TOPICAL TERM
Topical term or geographic name entry element Lamps
Form subdivision Fiction.
650 #1 - SUBJECT ADDED ENTRY--TOPICAL TERM
Topical term or geographic name entry element Security (Psychology)
Form subdivision Fiction.
650 #1 - SUBJECT ADDED ENTRY--TOPICAL TERM
Topical term or geographic name entry element Stories in rhyme.
700 1# - ADDED ENTRY--PERSONAL NAME
Personal name Staake, Bob,
Dates associated with a name 1957-
Relator term illustrator
906 ## - LOCAL DATA ELEMENT F, LDF (RLIN)
a 7
b cbc
c orignew
d 1
e ecip
f 20
g y-gencatlg
942 ## - ADDED ENTRY ELEMENTS (KOHA)
Source of classification or shelving scheme Dewey Decimal Classification
Koha item type Books
Suppress in OPAC No
999 ## -
-- 466
-- 466
Holdings
Withdrawn status Lost status Source of classification or shelving scheme Damaged status Not for loan Collection Home library Current library Shelving location Date acquired Total Checkouts Full call number Barcode Date last seen Date last checked out Price effective from Koha item type
    Dewey Decimal Classification Damaged   Juvenile Fiction Footprints International School Library Network Toul Kork Campus Footprints International School Library Network Toul Kork Campus TK Primary Library Room(4th Floor), Bookcase 3&4, Shelves 17-32, Yellow Books 04/25/2023 3 LEC 303 PZ8.L487 FISBK00421 06/05/2025 03/13/2025 04/25/2023 Books